| 000 | 00570nam a22002057a 4500 | ||
|---|---|---|---|
| 003 | OSt | ||
| 005 | 20151127182700.0 | ||
| 008 | 151127b xxu||||| |||| 00| 0 eng d | ||
| 020 | _a0071180966 | ||
| 040 | _cDDC. | ||
| 082 | _a371.2 HOY 2001. | ||
| 100 |
_aHoy,K.Wayne;Miskel,G.Cecil; _96382 |
||
| 245 |
_aEducational Administration. _bTheory,Research and Practice. |
||
| 250 | _a6th ed | ||
| 260 |
_aBoston. _bMacGrawhill. _c2001. |
||
| 300 |
_axvi,498p; _bill; _c27cm |
||
| 504 | _aincludes index,bibliography. | ||
| 650 |
_aEducation . _91404 |
||
| 942 |
_2ddc _cO_SHELF |
||
| 999 |
_c2742 _d2742 |
||